Najlepsze kraje na Mistrzostwach Świata w Piłce Nożnej - Statystyki

Ogólne statystyki
  • Ten quiz został rozwiązany 1 538 razy
  • Średni wynik to 19 z 25
Statystyki odpowiedzi
# Kraj Liczba punktów % Poprawnych
1 Brazylia 193
97%
16 Polska 40
97%
4 Argentyna 120
96%
5 Francja 100
96%
2 Niemcy (Republika Federalna Niemiec) 182
96%
6 Hiszpania 92
92%
3 Włochy 125
90%
15 Portugalia 42
89%
7 Anglia 90
88%
13 Rosja (Związek Radziecki) 52
85%
8 Holandia 85
81%
10 Belgia 62
80%
9 Urugwaj 69
78%
12 Meksyk 56
74%
11 Szwecja 59
74%
18 Chorwacja 37
72%
21 Czechy (Czechosłowacja) 30
69%
22 Dania 29
62%
17 Szwajcaria 39
60%
- Chile 33
59%
- Kolumbia 29
59%
14 Serbia (Jugosławia, Serbia i Czarnogóra) 48
56%
19 Węgry 33
54%
24 Austria 28
48%
- Paragwaj 28
24%
Nie znaleziono quizów pasujących do podanych kryteriów
Rozkład punktacji
Procent ludzi z każdym wynikiem
Percentyl według liczby udzielonych odpowiedzi
Twoja historia wyników
Nie rozwiązałeś tego quizu